000 00299 a2200133 4500
001 121722
020 _a9782011557087
040 _cEscola Canadense de Niteroi
100 _aHimber, Céline
245 1 0 _aAdosphère 1- Méthode de Français
362 0 _a2011
650 4 _aFrancês
942 _cBK
999 _c121722
_d121722